Harry Potter Non-Human Names from A to Z - Statistics

General Stats
  • This quiz has been taken 75 times
  • The average score is 13 of 21
Answer Stats
Letter Hint Answer % Correct
A Abnormaly big sentient spider Aragog
98%
C Cat whose teeth alignment is questionable Crookshanks
85%
N Big horcrux Nagini
84%
B Previously named Witherwings Buckbeak
82%
D Big-eyed creature, proefficient in cake-flying magic Dobby
79%
G Bank employee Griphook
74%
E Tired and ancient winged messenger Errol
71%
P Ron's owl Pigwidgeon
66%
M Infamous cat Mrs Norris
65%
T You can only see it when you've got trauma Thestral
63%
F Hairy music amateur Fluffy
61%
R Aggressive bulldog Ripper
56%
H Named after A History of Magic Hedwig
53%
V Quidditch World Cup dancers Veela
53%
L Broke teacher Remus Lupin
52%
K Drink of Despair tester Kreacher
47%
Y Tibet's biggest primate Yeti
45%
I Creepy drowning experts Inferi
44%
W Depressed butterbeer addict Winky
42%
S Codename of a much nicer dog Snuffles
35%
Z Quirrell help an African prince get rid of one Zombie
29%
No matching quizzes found
Score Distribution
Percent of People with Each Score
Percentile by Number Answered
Your Score History
You have not taken this quiz